KOHA-Header-6

The Future of Economics (An Islamic Perspective) (Record no. 2845)

000 -LEADER
fixed length control field 00414nam a2200169Ia 4500
003 - CONTROL NUMBER IDENTIFIER
control field OSt
005 - DATE AND TIME OF LATEST TRANSACTION
control field 20191005144807.0
008 - FIXED-LENGTH DATA ELEMENTS--GENERAL INFORMATION
fixed length control field 190902s9999||||xx |||||||||||||| ||und||
020 ## - INTERNATIONAL STANDARD BOOK NUMBER
International Standard Book Number 969-407--223-6
020 ## - INTERNATIONAL STANDARD BOOK NUMBER
International Standard Book Number B01I24TLA0
040 ## - CATALOGING SOURCE
Transcribing agency maju
100 ## - MAIN ENTRY--PERSONAL NAME
Personal name M. Umer Chapra
245 #4 - TITLE STATEMENT
Title The Future of Economics (An Islamic Perspective)
260 ## - PUBLICATION, DISTRIBUTION, ETC. (IMPRINT)
Place of publication, distribution, etc London
Name of publisher, distributor, etc Prentice Hall
Date of publication, distribution, etc 2000
300 ## - PHYSICAL DESCRIPTION
Extent 446
942 ## - ADDED ENTRY ELEMENTS (KOHA)
Koha item type Books
Source of classification or shelving scheme
Holdings
Withdrawn status Lost status Source of classification or shelving scheme Damaged status Not for loan Collection code Permanent Location Current Location Shelving location Date acquired Barcode Date last seen Price effective from Koha item type
          Economics MAJU MAJU Shelf No.A47 2019-09-02 6512 2019-09-02 2019-09-02 Economics

Powered by Koha